Statistics for James Bond Villains - 1

Click here to take the quiz!

General Stats

  • This quiz has been taken 19 times
  • The average score is 9 of 15

Answer Stats

HintAnswer% Correct
This man is obsessed with the colour gold, his henchman wears a steel-rimmed hatAuric Goldfinger
100%
This villain is a 'Doctor' who inhabits Crab Key Island and has metal for handsDr Julius No
94%
After the death of #1, he attempts to kill Bond on numerous occasions but to no avail. He is called no. 1 by his associates, and he is the head of SPECTRE (Special Executive for Counter-Intelligence, Terrorism, Revenge and Extortion)Ernst Stavro Blofeld
71%
Given the nickname 'Pistols', this iconic villain uses a gold-plated Colt. 45 pistolFrancisco Scaramanga
71%
Along with no. 1, he seeks to gain control of the global surveillance programme 'Nine Eyes'Max Denbigh/C
71%
He tries to get China and UK at war with one another, through sinking a Chinese vessel from a sunken British shipElliot Carver
65%
Having been disavowed by M, this antagonist seeks to kill as revengeRaoul Silva
65%
Given the number code 006, this man was James' best friend. Nine years later, after a mission gone wrong, he is more commonly known as 'Janus'Alec Trevelyan
59%
Now working for SPECTRE, she fooled Tania into getting LektorRosa Klebb
59%
He is called no. 2 by no. 1. This man always wears an eye patchEmilio Largo
53%
He attempts to pay his debts to SPECTRE by organizing a high-stakes poker tournament in MontenegroLe Chiffre
53%
She attempts to monopolize crude oil by setting off a nuclear explosion in Istanbul, therefore eliminating her competitionElektra King
47%
After meeting James in Tokyo, she is ordered by her employer to kill himHelga Brandt
41%
He seeks revenge against SPECTRE after the organization betrayed his familyLyutsifer Safin
35%
He was poisoned after having escaped the MI6 custody. He later commits suicide with James' Walther PPKMr White
29%

Score Distribution

Percentile by Number Answered

Percent of People with Each Score

Your Score History

You have not taken this quiz